AH International Schools' Libraries

95 strategies for remodeling instruction : (Record no. 49578)

MARC details
000 -LEADER
fixed length control field 00779nam a2200193 i 4500
001 - CONTROL NUMBER
control field 016080497
010 ## - LIBRARY OF CONGRESS CONTROL NUMBER
LC control number 2011040147
020 ## - INTERNATIONAL STANDARD BOOK NUMBER
International Standard Book Number 9781452218755 (pbk.)
100 1# - MAIN ENTRY--PERSONAL NAME
Personal name Pinto, Laura E.,
Relator term author.
9 (RLIN) 76822
245 10 - TITLE STATEMENT
Title 95 strategies for remodeling instruction :
Remainder of title ideas for incorporating CCSS /
Statement of responsibility, etc Laura E. Pinto, Stephanie Spares, Laura Driscoll.
260 ## - PUBLICATION, DISTRIBUTION, ETC. (IMPRINT)
Place of publication, distribution, etc California:
Name of publisher, distributor, etc Corwin;
Date of publication, distribution, etc 2012.
300 ## - PHYSICAL DESCRIPTION
Extent xvi, 181 pages :
Other physical details illustrations (black and white) ;
Dimensions 26 cm
504 ## - BIBLIOGRAPHY, ETC. NOTE
Bibliography, etc Includes bibliographical references and index.
650 #0 - SUBJECT ADDED ENTRY--TOPICAL TERM
Topical term or geographic name as entry element Education
General subdivision Curricula
-- Standards
Geographic subdivision United States.
9 (RLIN) 86700
650 #0 - SUBJECT ADDED ENTRY--TOPICAL TERM
Topical term or geographic name as entry element Effective teaching
Geographic subdivision United States.
9 (RLIN) 76824
700 1# - ADDED ENTRY--PERSONAL NAME
Personal name Spares, Stephanie,
Relator term author.
9 (RLIN) 76825
700 1# - ADDED ENTRY--PERSONAL NAME
Personal name Driscoll, Laura
Fuller form of name (Laura M.),
Relator term author.
9 (RLIN) 86701
942 ## - ADDED ENTRY ELEMENTS (KOHA)
Source of classification or shelving scheme
Koha item type Teacher's Resources
Holdings
Withdrawn status Lost status Source of classification or shelving scheme Damaged status Not for loan Collection code Home library Current library Shelving location Date acquired Full call number Barcode Date last seen Price effective from Koha item type
          TEACHERS' RESOURCES Asian Hope Secondary Library Asian Hope Secondary Library SECONDARY 09/19/2025 375 PIN 208709 09/19/2025 09/19/2025 Teacher's Resources

For any Logos Library related questions please contact Miss Art at swongnarasuk@asianhope.org.

For any Asian Hope Library related questions please contact Miss Raza at graza@asianhope.org.

Click here to explore our ebooks!

Powered by Koha